000 00919nam a22001577a 4500
003 IT-RoPau
005 20220918181107.0
008 130531b xxu||||| |||| 00| 0 eng d
040 _cIT-RoPau
245 _aJunior - Anno I n° 1 - Periodico della Comunità Juniores SSP
260 _aRoma
_bComunità Juniores SSP Provincia Italiana
_c1985
300 _a22 pp.
_c21 cm
490 _aJunior
_vAnno I - n°1 - Maggio 1985
520 _aSommario Presentazione - Walter Fontanini Piacere, mi chiamo... - Junior Lettera del mese - a cura di W. F. La tua parola nel rivelarsi illumina - Walter Fontanini A.A.A. Cercasi casa - Gerardo Curto Quando pensare è uno sguardo d'amore - Antonio Rizzolo Scuola di Preghiera - Gino Valeretto Giromondo per il tondo - a cura di Francisco Rebelo Vi parliamo di noi - Vincenzo Santarcangelo Servo di Dio, Servo degli uomini - Pasquale Fauci La frittata - C.A.F.
942 _2ddc
_cBK
999 _c98657
_d98657